000 00906nam a2200337 a 4500
003 AR-BaBNM
005 20251128210133.0
008 082120s2002 ||||||||||||||000 | spa||
020 _a968-23-1809-2
040 _cAR-BaBNM
100 1 _aCoriat, Benjamin
245 0 0 _aPensar al revés
_btrabajo y organización en la empresa japonesa
250 _a2ª ed.
260 _aMéxico, D.F.
_bSiglo Veintiuno
_c1995
300 _a163 p.
_bgráfs.
490 0 _aSociología y política
650 4 _aTRABAJO
650 4 _aCAPITALISMO
650 4 _aEMPRESAS
650 4 _aRECURSOS HUMANOS
650 4 _aRELACIONES LABORALES
650 4 _aTEORIA ECONOMICA
650 4 _aPRODUCCION
650 4 _aECONOMIA INDUSTRIAL
650 4 _aFACTORES DE PRODUCCION
651 4 _aJapón
653 _aNUEVAS TECNOLOGIAS
700 1 _aDomínguez, Rosa Ana
_etraductor
942 _cBK
998 _cMARTIN
999 _c14206
_d14206